The Physics of experiment instrumentation using MATLABS apps (Record no. 113870)
[ view plain ]
| 000 -LEADER | |
|---|---|
| fixed length control field | 00563 a2200181 4500 |
| 005 - DATE AND TIME OF LATEST TRANSACTION | |
| control field | 20250325094905.0 |
| 008 - FIXED-LENGTH DATA ELEMENTS--GENERAL INFORMATION | |
| fixed length control field | 250306b |||||||| |||| 00| 0 eng d |
| 020 ## - INTERNATIONAL STANDARD BOOK NUMBER | |
| International Standard Book Number | 9789811233838 |
| 080 ## - UNIVERSAL DECIMAL CLASSIFICATION NUMBER | |
| Universal Decimal Classification number | 53:681.2 |
| Item number | GRE/P |
| 100 ## - MAIN ENTRY--PERSONAL NAME | |
| Personal name | Green, Dan |
| 245 ## - TITLE STATEMENT | |
| Title | The Physics of experiment instrumentation using MATLABS apps |
| Remainder of title | : with companion media pack |
| 260 ## - PUBLICATION, DISTRIBUTION, ETC. (IMPRINT) | |
| Name of publisher, distributor, etc | World Scientific |
| Place of publication, distribution, etc | Singapore |
| Date of publication, distribution, etc | 2021 |
| 300 ## - PHYSICAL DESCRIPTION | |
| Extent | vii,247p. |
| 653 ## - INDEX TERM--UNCONTROLLED | |
| Uncontrolled term | MATLAB |
| 653 ## - INDEX TERM--UNCONTROLLED | |
| Uncontrolled term | Nuclear counters -- Data processing |
| 653 ## - INDEX TERM--UNCONTROLLED | |
| Uncontrolled term | Physics -- Experiments -- Data processing |
| 942 ## - ADDED ENTRY ELEMENTS (KOHA) | |
| item type | Books |
| Lost status | Source of classification or shelving scheme | Not for loan | Home library | Current library | Date acquired | Cost, normal purchase price | Total Checkouts | Full call number | Barcode | Date last seen | Cost, replacement price | Price effective from | Koha item type |
|---|---|---|---|---|---|---|---|---|---|---|---|---|---|
| Universal Decimal Classification | University Library | University Library | 23/10/2024 | 2485.20 | 53:681.2 GRE/P | 00096272 | 23/10/2024 | 3313.60 | 23/10/2024 | Books |
